<?xml version="1.0" encoding="UTF-8"?>
<record
    xmlns:xsi="http://www.w3.org/2001/XMLSchema-instance"
    xsi:schemaLocation="http://www.loc.gov/MARC21/slim http://www.loc.gov/standards/marcxml/schema/MARC21slim.xsd"
    xmlns="http://www.loc.gov/MARC21/slim">

  <leader>00502pam a2200193 a 4500</leader>
  <datafield tag="020" ind1=" " ind2=" ">
    <subfield code="c">95.00 (PB)</subfield>
  </datafield>
  <datafield tag="041" ind1=" " ind2=" ">
    <subfield code="a">eng</subfield>
    <subfield code="h">NULL</subfield>
  </datafield>
  <datafield tag="082" ind1=" " ind2=" ">
    <subfield code="a">618</subfield>
    <subfield code="b">DAL/PAT</subfield>
  </datafield>
  <datafield tag="100" ind1=" " ind2=" ">
    <subfield code="a">PATEL , D  .</subfield>
  </datafield>
  <datafield tag="245" ind1=" " ind2=" ">
    <subfield code="a">GYNAECOOGICAL ENDOSCOPY / </subfield>
    <subfield code="c">NULL.</subfield>
    <subfield code="h">Textual Documents</subfield>
  </datafield>
  <datafield tag="260" ind1=" " ind2=" ">
    <subfield code="a">NULL : </subfield>
    <subfield code="b">THE NATIONAL BOOK DEPOT , </subfield>
    <subfield code="c">1986.</subfield>
  </datafield>
  <datafield tag="300" ind1=" " ind2=" ">
    <subfield code="a">162 : </subfield>
    <subfield code="b">XViii ; </subfield>
    <subfield code="c">A4 . </subfield>
  </datafield>
  <datafield tag="365" ind1=" " ind2=" ">
    <subfield code="a">95.00</subfield>
    <subfield code="e">4</subfield>
  </datafield>
  <datafield tag="700" ind1=" " ind2=" ">
    <subfield code="a">DALAL, B  .</subfield>
  </datafield>
  <datafield tag="907" ind1=" " ind2=" ">
    <subfield code="a">1344</subfield>
    <subfield code="a">1345</subfield>
    <subfield code="a">1346</subfield>
    <subfield code="a">1347</subfield>
  </datafield>
  <datafield tag="930" ind1=" " ind2=" ">
    <subfield code="a">279</subfield>
  </datafield>
  <datafield tag="999" ind1=" " ind2=" ">
    <subfield code="c">794815</subfield>
    <subfield code="d">794815</subfield>
  </datafield>
  <datafield tag="650" ind1=" " ind2=" ">
    <subfield code="a">OBST.GYNE</subfield>
  </datafield>
  <datafield tag="952" ind1=" " ind2=" ">
    <subfield code="0">0</subfield>
    <subfield code="1">0</subfield>
    <subfield code="4">0</subfield>
    <subfield code="7">0</subfield>
    <subfield code="8">Text Books</subfield>
    <subfield code="a">MCS</subfield>
    <subfield code="b">MCS</subfield>
    <subfield code="d">2011-11-28</subfield>
    <subfield code="e">B.M.S.G.B.PUNE</subfield>
    <subfield code="g">95.00</subfield>
    <subfield code="l">0</subfield>
    <subfield code="o">618 DAL/PAT</subfield>
    <subfield code="p">MCS-1347</subfield>
    <subfield code="r">2023-07-26 00:00:00</subfield>
    <subfield code="t">5</subfield>
    <subfield code="w">2023-07-26</subfield>
    <subfield code="y">BK</subfield>
  </datafield>
  <datafield tag="952" ind1=" " ind2=" ">
    <subfield code="0">0</subfield>
    <subfield code="1">0</subfield>
    <subfield code="4">0</subfield>
    <subfield code="7">0</subfield>
    <subfield code="8">Text Books</subfield>
    <subfield code="a">MCS</subfield>
    <subfield code="b">MCS</subfield>
    <subfield code="d">2011-11-28</subfield>
    <subfield code="e">B.M.S.G.B.PUNE</subfield>
    <subfield code="g">95.00</subfield>
    <subfield code="l">1</subfield>
    <subfield code="o">618 DAL/PAT</subfield>
    <subfield code="p">MCS-1346</subfield>
    <subfield code="q">2043-10-01</subfield>
    <subfield code="r">2023-10-06 00:00:00</subfield>
    <subfield code="s">2023-10-06</subfield>
    <subfield code="t">4</subfield>
    <subfield code="w">2023-07-26</subfield>
    <subfield code="y">BK</subfield>
  </datafield>
  <datafield tag="952" ind1=" " ind2=" ">
    <subfield code="0">0</subfield>
    <subfield code="1">0</subfield>
    <subfield code="4">0</subfield>
    <subfield code="7">0</subfield>
    <subfield code="8">Text Books</subfield>
    <subfield code="a">MCS</subfield>
    <subfield code="b">MCS</subfield>
    <subfield code="d">2011-11-28</subfield>
    <subfield code="e">B.M.S.G.B.PUNE</subfield>
    <subfield code="g">95.00</subfield>
    <subfield code="l">0</subfield>
    <subfield code="o">618 DAL/PAT</subfield>
    <subfield code="p">MCS-1345</subfield>
    <subfield code="r">2023-07-26 00:00:00</subfield>
    <subfield code="t">3</subfield>
    <subfield code="w">2023-07-26</subfield>
    <subfield code="y">BK</subfield>
  </datafield>
  <datafield tag="952" ind1=" " ind2=" ">
    <subfield code="0">0</subfield>
    <subfield code="1">0</subfield>
    <subfield code="4">0</subfield>
    <subfield code="7">0</subfield>
    <subfield code="8">Text Books</subfield>
    <subfield code="a">MCS</subfield>
    <subfield code="b">MCS</subfield>
    <subfield code="d">2011-11-28</subfield>
    <subfield code="e">B.M.S.G.B.PUNE</subfield>
    <subfield code="g">95.00</subfield>
    <subfield code="l">0</subfield>
    <subfield code="o">618 DAL/PAT</subfield>
    <subfield code="p">MCS-1344</subfield>
    <subfield code="r">2023-07-26 00:00:00</subfield>
    <subfield code="t">2</subfield>
    <subfield code="w">2023-07-26</subfield>
    <subfield code="y">BK</subfield>
  </datafield>
  <datafield tag="952" ind1=" " ind2=" ">
    <subfield code="0">0</subfield>
    <subfield code="1">0</subfield>
    <subfield code="4">0</subfield>
    <subfield code="7">0</subfield>
    <subfield code="8">Text Books</subfield>
    <subfield code="a">MCS</subfield>
    <subfield code="b">MCS</subfield>
    <subfield code="d">2011-11-28</subfield>
    <subfield code="e">B.M.S.G.B.PUNE</subfield>
    <subfield code="g">95.00</subfield>
    <subfield code="l">0</subfield>
    <subfield code="o">618 DAL/PAT</subfield>
    <subfield code="p">MCS-1343</subfield>
    <subfield code="r">2023-07-26 00:00:00</subfield>
    <subfield code="t">1</subfield>
    <subfield code="w">2023-07-26</subfield>
    <subfield code="y">BK</subfield>
  </datafield>
</record>
